00314nam a2200121Ia 4500008004100000082001800041100001900059245005500078250000800133260002400141300001000165650001700175150201s2013 xx 000 0 und d a612.015bP13V aVASUDEVAN D.M. aPRACTICAL TB. OF BIOCHEMISTRY FOR MEDICAL STUDENTS a2ND bJAYPEEaDELHIc2013 a1-149 aBIOCHEMISTRY